Global Development Finance 2007 (Complete Edition) (Record no. 14123)

000 -LEADER
fixed length control field 01608cam a22002774a 4500
020 ## - INTERNATIONAL STANDARD BOOK NUMBER
ISBN 0821369644
020 ## - INTERNATIONAL STANDARD BOOK NUMBER
ISBN 9780821371046
040 ## - CATALOGING SOURCE
Transcribing agency LDC
082 ## - DEWEY DECIMAL CLASSIFICATION NUMBER
Classification number 332 WOR 2007 A066 Or.
110 2# - MAIN ENTRY--CORPORATE NAME
Corporate name or jurisdiction name as entry element World Bank.
245 10 - TITLE STATEMENT
Title Global Development Finance 2007 (Complete Edition)
Remainder of title The Globalization of Corporate Finance in Developing Countries.
260 ## - PUBLICATION, DISTRIBUTION, ETC. (IMPRINT)
Place of publication Washington, D.C. :
Name of publisher The World Bank,
Year of publication 2007.
300 ## - PHYSICAL DESCRIPTION
Number of Pages 1 online resource (632 p.)
490 1# - SERIES STATEMENT
Series statement Global Development Finance
520 3# - SUMMARY, ETC.
Summary, etc Global Development Finance (GDF), is the World Bank's annual review of recent trends in and prospects for financial flows to developing countries. It is an indispensable resource for governments, economists, investors, financial consultants, academics, bankers, and the entire development community. Vol I: Analysis and Outlook reviews recent trends in financial flows to developing countries. Vol II. Summary and Country Tables* includes comprehensive data for 138 countries, as well as summary data for regions and income groups. Also available on CD-ROM, with more than 200 historical time series from 1970 to 2005, and country group estimates for 2006. Vol II. Summary and Country Tables.
650 #4 - SUBJECT ADDED ENTRY--TOPICAL TERM
Topical Term Access to Finance.
650 #4 - SUBJECT ADDED ENTRY--TOPICAL TERM
Topical Term Bankruptcy and Resolution of Financial Distress.
650 #4 - SUBJECT ADDED ENTRY--TOPICAL TERM
Topical Term Debt Markets.
650 #4 - SUBJECT ADDED ENTRY--TOPICAL TERM
Topical Term External Debt.
650 #4 - SUBJECT ADDED ENTRY--TOPICAL TERM
Topical Term Finance and Financial Sector Development.
650 #4 - SUBJECT ADDED ENTRY--TOPICAL TERM
Topical Term Financial Literacy.
650 #4 - SUBJECT ADDED ENTRY--TOPICAL TERM
Topical Term International Economics & Trade.
710 2# - ADDED ENTRY--CORPORATE NAME
Corporate name or jurisdiction name as entry element World Bank.
856 40 - ELECTRONIC LOCATION AND ACCESS
Uniform Resource Identifier http://elibrary.worldbank.org/content/book/9780821369647
942 ## - ADDED ENTRY ELEMENTS (KOHA)
Koha item type សៀវភៅភាសាអង់គ្លេស
952 ## - LOCATION AND ITEM INFORMATION (KOHA)
Withdrawn status [LOCAL, KOHA] 0
Holdings
Permanent Location Date acquired Koha item type Lost status Shelving location Barcode Current Location Full call number
Library Block A2017-10-06សៀវភៅភាសាអង់គ្លេស A067A08228Library Block A332 WOR 2007 A067 Or.
មជ្ឈមណ្ឌលឯការនៃសាកលវិទ្យាល័យភូមិន្ទកសិកម្មចំការដូង

Powered by Koha